<?xml version="1.0" encoding="UTF-8"?>
<marc:record xmlns:marc="http://www.loc.gov/MARC21/slim">
   <marc:leader>00000nam a2200000 a 4500</marc:leader>
   <marc:datafield ind1="1" ind2=" " tag="100">
      <marc:subfield code="a">Ochsenkühn, Simone</marc:subfield>
      <marc:subfield code="4">aut</marc:subfield>
      <marc:subfield code="e">Verfasser/-in</marc:subfield>
   </marc:datafield>
   <marc:datafield ind1="1" ind2=" " tag="100">
      <marc:subfield code="a">Ochsenkühn, Anton</marc:subfield>
      <marc:subfield code="4">aut</marc:subfield>
      <marc:subfield code="e">Verfasser/-in</marc:subfield>
   </marc:datafield>
   <marc:datafield ind1=" " ind2=" " tag="653">
      <marc:subfield code="a">Wallfahrt</marc:subfield>
   </marc:datafield>
   <marc:datafield ind1=" " ind2=" " tag="653">
      <marc:subfield code="a">Softcover / Reiseführer/Europa</marc:subfield>
   </marc:datafield>
   <marc:datafield ind1=" " ind2=" " tag="653">
      <marc:subfield code="a">Erlebnisbericht</marc:subfield>
   </marc:datafield>
   <marc:datafield ind1=" " ind2=" " tag="653">
      <marc:subfield code="a">Reisebericht</marc:subfield>
   </marc:datafield>
   <marc:datafield ind1="0" ind2="0" tag="245">
      <marc:subfield code="a">Franziskusweg: Leben atmen</marc:subfield>
   </marc:datafield>
   <marc:datafield ind1="0" ind2="0" tag="245">
      <marc:subfield code="b">Wegbeschreibung ; der Pilgerweg für alle Sinne ; von Florenz über Assisi nach Rom</marc:subfield>
   </marc:datafield>
   <marc:datafield ind1="0" ind2="0" tag="245">
      <marc:subfield code="c">die Autoren: Simone Ochsenkühn und Anton Ochsenkühn</marc:subfield>
   </marc:datafield>
   <marc:datafield ind1=" " ind2="1" tag="264">
      <marc:subfield code="a">Obergriesbach</marc:subfield>
      <marc:subfield code="b">Amac-Buch-Verl.</marc:subfield>
      <marc:subfield code="c">2010</marc:subfield>
   </marc:datafield>
   <marc:datafield ind1="1" ind2=" " tag="520">
      <marc:subfield code="a">Angaben aus der Verlagsmeldung

Franziskusweg: Leben atmen - Wegbeschreibung / von Simone Ochsenkühn, Anton Ochsenkühn

Franziskusweg: Leben atmen - Wegbeschreibung, Der Pilgerwege für alle Sinne: Von Florenz über Assisi nach Rom

In Deutschlands beliebtem Urlaubsland Italien gibt es einen unberührten und historisch belegten Pilgerweg fernab von den überfüllten Pilgerstraßen in Europa: den Cammino di Francesco.
Weite Landschaft, herrliches Essen und gastfreundliche Menschen erwarten den Pilger auf dem Weg durch die Toskana, Umbrien und Latium.
Dieses Buch beschreibt in 29 Tagesetappen den Franziskusweg von Florenz über Assisi nach Rom. Atmen Sie Italien, atmen Sie Leben!

Aus dem Inhalt:
- GPS-exakte Tagesetappen
- Pilgerwandertage farblich voneinander getrennt
- Einfache Handhabung durch praktische Ringbindung
- inkl. herausnehmbarem Pilgerpass
- überwiegend 10% Rabatt auf Übernachtungskosten
- Streckenbeurteilungen und Höhenkarten
- Nachwandern ohne zusätzliches Kartenmaterial

Inhalt:
- Wichtige An- und Abreiseinformationen
- GPS-genaue Wanderwege
- Übernachtungsadressen inkl. aller Kontaktdaten
- Tagesetappen mit exakten Kilometer- und Höhenangaben
- Wertvolle Tipps für Ihre individuelle Pilgerreise
- Erprobte Ausrüstungsliste
- Italienischer Sprachführer für die wesentlichen Begriffe
- Viele Informationen zur Person Franz von Assisi
- u.v.m.
</marc:subfield>
   </marc:datafield>
   <marc:datafield ind1=" " ind2=" " tag="020">
      <marc:subfield code="a">9783940285164</marc:subfield>
      <marc:subfield code="9">9783940285164</marc:subfield>
   </marc:datafield>
   <marc:datafield ind1=" " ind2=" " tag="041">
      <marc:subfield code="a">ger</marc:subfield>
   </marc:datafield>
   <marc:datafield ind1=" " ind2=" " tag="300">
      <marc:subfield code="a">252 S.</marc:subfield>
   </marc:datafield>
</marc:record>
